What's in a Last Name? Quiz Stats

 Plays Quiz Updated Jul 26, 2016

Score 0/20 Timer 03:00
0 Plays Today
% Correct
Cook
94.7%
Curry
94.7%
Butler
94.2%
Young
93.1%
Bell
93%
Bush
92.9%
Hall
92.8%
Pierce
92.8%
Ward
92.3%
Long
92.1%
% Correct
Walker
92%
Brown
90.9%
Price
90.8%
Trump
89.9%
Foster
87.6%
Woods
86.9%
Nelson
86.8%
Ford
82.2%
Lee
75.6%
Jones
63.5%

You're not logged in!

Compare scores with friends on all Sporcle quizzes.
OR
Log In

Show Comments

Extras

Top Quizzes Today


Score Distribution

Your Account Isn't Verified!

In order to create a playlist on Sporcle, you need to verify the email address you used during registration. Go to your Sporcle Settings to finish the process.

Report this User

Report this user for behavior that violates our Community Guidelines.

Details: